JetPunkでクイズを作成できる言語 - Statistics

General Stats
  • This quiz has been taken 161 times
  • The average score is 15 of 27
Answer Stats
Answers % Correct
英語
98%
日本語
97%
簡体中国語
95%
フランス語
93%
ロシア語
92%
ポルトガル語
90%
ドイツ語
89%
スペイン語
89%
アラビア語
83%
イタリア語
83%
オランダ語
62%
スウェーデン語
54%
フィンランド語
54%
ノルウェー語
53%
ギリシャ語
51%
ポーランド語
45%
トルコ語
44%
デンマーク語
42%
チェコ語
38%
ハンガリー語
38%
ブルガリア語
24%
セルビア語
23%
クロアチア語
20%
エストニア語
16%
アゼルバイジャン語
5%
テルグ語
2%
ヴェネト語
1%
No matching quizzes found
Score Distribution
Percent of People with Each Score
Percentile by Number Answered
Your Score History
You have not taken this quiz